000 00290nam a22001097a 4500
008 170116b xxu||||| |||| 00| 0 eng d
020 _a9780781737944
041 _aeng
080 _24TH
_a618.2
245 _aLEADERSHIP ROLES AND MANAGEMENT FUNCTIONS IN NURSING
_cMARQUIS, B.L
942 _2udc
_cBK
999 _c2950
_d2950